Internetworking with NetWare TCP/IP

Internetworking with NetWare TCP/IP enables you to effectively implement and manage TCP/IP on your network while avoiding the difficulties and problems associated with NetWare TCP/IP. This book provides you with a thorough background on TCP/IP technology and a complete understanding of the NetWare s...

全面介紹

Đã lưu trong:
書目詳細資料
主要作者: Siyan, Karanjit
格式: 圖書
語言:Undetermined
出版: Indianapolis, I.N. New Riders 1996
主題:
標簽: 添加標簽
沒有標簽, 成為第一個標記此記錄!
Thư viện lưu trữ: Trung tâm Học liệu Trường Đại học Cần Thơ
LEADER 00939nam a2200193Ia 4500
001 CTU_232383
008 210402s9999 xx 000 0 und d
082 |a 005.713 
082 |b S625 
100 |a Siyan, Karanjit 
245 0 |a Internetworking with NetWare TCP/IP 
245 0 |c Karanjit S. Siyan, Peter Rybaczyk, Peter Kuo 
260 |a Indianapolis, I.N. 
260 |b New Riders 
260 |c 1996 
520 |a Internetworking with NetWare TCP/IP enables you to effectively implement and manage TCP/IP on your network while avoiding the difficulties and problems associated with NetWare TCP/IP. This book provides you with a thorough background on TCP/IP technology and a complete understanding of the NetWare services that operate in the TCP/IP environment. 
650 |a TCP/IP (Giao thức mạng máy tính),TCP/IP (Computer network protocol) 
910 |b dqhieu 
980 |a Trung tâm Học liệu Trường Đại học Cần Thơ